000
00335nam a22001457a 4500
008
221107b ||||| |||| 00| 0 eng d
020
_a
9781119505273
041
_a
eng
080
_2
FIFTH EDITION
_a
573
082
_a
573 IRE
100
_a
16.1
101
_a
BIO
245
_a
VISUALIZING HUMAN BIOLOGY
_c
IRELAND K
942
_2
udc
_c
BK
999
_c
58758
_d
58758